[Event "Sharjah Blitz op 27th"]
[Site "Sharjah"]
[Date "2022.04.08"]
[Round "2"]
[White "Abdulla, Aref"]
[Black "Hilwani, Talal"]
[Result "0-1"]
[WhiteElo "1273"]
[BlackElo "2267"]
[PlyCount "46"]
[EventDate "2022.04.08"]
[EventType "swiss (blitz)"]
[EventRounds "9"]
[EventCountry "UAE"]
[SourceTitle "CBM 207 Extra"]
[Source "ChessBase"]
[SourceDate "2022.05.31"]
[SourceVersion "1"]
[SourceVersionDate "2022.05.31"]
[SourceQuality "1"]

1. e4 c5 2. d4 cxd4 3. Qxd4 Nc6 4. Qa4 Nf6 5. Nc3 d6 6. Bb5 Bd7 7. Nge2 g6 8. Be3 Bg7 9. 0-0 0-0 10. Rfd1 a6 11. Bxc6 Bxc6 12. Qb3 Nxe4 13. Nd5 Nf6 14. Ndf4 b5 15. Nd4 Bb7 16. h3 e5 17. Nxb5 exf4 18. Bxf4 axb5 19. Qxb5 Ba6 20. Qc6 d5 21. Rd2 Qc8 22. Qb6 Qb7 23. Qxb7 Bxb7 0-1